New dimensions in global business : (Record no. 516132)

000 -LEADER
fixed length control field 00388nam a22001217a 4500
082 ## - DEWEY DECIMAL CLASSIFICATION NUMBER
Classification number TNC T39 B469
100 ## - MAIN ENTRY--PERSONAL NAME
Personal name Bhattacharyya, B. (ed.)
9 (RLIN) 22510
245 ## - TITLE STATEMENT
Title New dimensions in global business :
Remainder of title Perspective 2001
Statement of responsibility, etc edited by B. Bhattacharyya
260 ## - PUBLICATION, DISTRIBUTION, ETC. (IMPRINT)
Place of publication, distribution, etc New Delhi
Name of publisher, distributor, etc Excel
Date of publication, distribution, etc 1998
300 ## - PHYSICAL DESCRIPTION
Extent 334p.
650 ## - SUBJECT ADDED ENTRY--TOPICAL TERM
Topical term or geographic name as entry element Globalization
9 (RLIN) 24720
650 ## - SUBJECT ADDED ENTRY--TOPICAL TERM
Topical term or geographic name as entry element Globalization - Economic aspects
9 (RLIN) 24721
Holdings
Withdrawn status Lost status Source of classification or shelving scheme Damaged status Koha normalized classification for sorting Not for loan Permanent location Current location Date acquired Full call number Barcode Date last seen Price effective from Koha item type
        TNC_T39_B469   Indian Institute of Public Administration Indian Institute of Public Administration 2021-02-17 TNC T39 B469 GR22917 2021-02-17 2021-02-17 GR

Powered by Koha